000 01701cam a22004934i 4500
003 PE-LiUPU
005 20250731184526.0
008 150623s r 000 0 d
020 _a0913573612
035 _a(Sirsi) i9780913573617
040 _aPE-LiUPU
_bspa
_cPE-LiUPU
_erda
049 _aPRUA
082 0 4 _a938
_bH24
_221
100 1 _aHatch, Edwin,
_d1835-1889,
_eautor.
245 1 0 _aInfluence of greek ideas and usages upon the christian church.
264 1 _aPeabody, Massachusetts :
_bHendrickson plublishers,
_c1995.
300 _a359 páginas ;
_c22 centímetros
336 _atext
_2rdacontent
337 _aunmediated
_2rdamedia
338 _avolume
_2rdacarrier
505 0 _aIntroductory. -Greek education. -Greek and christian exegesis. -Greek and christian rhetoric. -Christianity and greek philosophy. -Greek and christian ethics.
526 _aP136
526 _aP135
526 _aP134
526 _aP133
526 _aP144
526 _aP143
526 _aP87
526 _aP35
526 _aP20
526 _aP14
526 _aP10
526 _aP06
650 0 4 _aFilosofía antigua
_xHistoria.
650 0 4 _aHistoria de la Iglesia
_yca. 30-600.
650 0 4 _aTeología doctrinal.
_93091
700 1 _aFairbairn, A. M.,
_d1838-1912.
942 _2ddc
_cBOOK
949 _a938 H24
_wDEWEY
_c1
_i43877
_lCCODEBUL1
_mBUL
_r0
_sY
_tBOOK
_u2015-6-24
_xTEOLOGIA
_PP35
_0COMPRA
_o.STAFF. Colección General
994 _aC0
_bPEPRU
596 _a1
999 _a938 H24
_wDEWEY
_c20310
_i43877
_f2021-11-11
_g5
_lCCODEBUL1
_mBUL
_r0
_sY
_tBOOK
_u2015-6-24
_xTEOLOGIA
_PP35
_0COMPRA
_o.STAFF. Colección General
_d20310
980 _81
_gALBERTO SANCHEZ Responsable de Automatización